[Event "Rejfiouv memorial 2008"]
[Site "Praha 5,Radlice, Pechlatova 2"]
[Date "2008.05.27"]
[Round "8.6"]
[White "Docekal, Jan"]
[Black "Smid, Miroslav"]
[Result "1/2-1/2"]
[WhiteElo "2236"]
[BlackElo "2230"]
[PlyCount "109"]
[EventDate "2008.04.15"]

1. e4 e5 2. Nf3 Nc6 3. Bc4 Nf6 4. d4 exd4 5. e5 d5 6. Bb5 Ne4 7. Nxd4 Bd7 8.
Bxc6 bxc6 9. O-O Bc5 10. c3 Bb6 11. Nd2 Nxd2 12. Bxd2 O-O 13. Kh1 Rb8 14. b3
Qh4 15. f4 Rbe8 16. Nf3 Qh5 17. a4 a5 18. Qe1 Bf5 19. Qg3 f6 20. Rfe1 Be4 21.
Be3 Bxf3 22. Bxb6 cxb6 23. exf6 Bxg2+ 24. Kxg2 Rxf6 25. Rxe8+ Qxe8 26. Re1 Re6
27. Rxe6 Qxe6 28. f5 Qe4+ 29. Kg1 Qb1+ 30. Kg2 Qc2+ 31. Kg1 Qxb3 32. Qb8+ Kf7
33. Qc8 Qd1+ 34. Kf2 Qc2+ 35. Kg1 Qc1+ 36. Kf2 Qf4+ 37. Kg1 Qe3+ 38. Kg2 Qe4+
39. Kg1 Qe8 40. Qc7+ Kf6 41. Kf2 Qe5 42. Qxc6+ Kxf5 43. Kg2 h5 44. Qxb6 Qxc3
45. Qb1+ Kg5 46. Qb7 Qd2+ 47. Kf3 Qf4+ 48. Kg2 Qe4+ 49. Kf2 Qd4+ 50. Kg2 h4 51.
Qe7+ Kh6 52. Qe6+ g6 53. Qg8 Qe4+ 54. Kh3 g5 55. Qxg5+ 1/2-1/2

[Event "Rejfiouv memorial 2008"]
[Site "Praha 5,Radlice, Pechlatova 2"]
[Date "2008.06.03"]
[Round "9.1"]
[White "Smid, Miroslav"]
[Black "Gregor, Jiri"]
[Result "0-1"]
[WhiteElo "2230"]
[BlackElo "2271"]
[PlyCount "54"]
[EventDate "2008.04.15"]

1. e4 c6 2. d4 d5 3. exd5 cxd5 4. c3 Nc6 5. Nf3 Nf6 6. Bf4 a6 7. Ne5 Nxe5 8.
dxe5 Ne4 9. b4 Qc7 10. Qxd5 Nxc3 11. Qd4 Nb5 12. Bxb5+ axb5 13. Nc3 Qd7 14. Rd1
Qxd4 15. Rxd4 Bd7 16. Nd5 Rc8 17. O-O Bc6 18. e6 fxe6 19. Nc7+ Kf7 20. Re1 g5
21. Be5 Rg8 22. g4 Rg6 23. a3 h5 24. gxh5 Rh6 25. Bg3 Bg7 26. Rg4 e5 27. Rxg5
Bf6 0-1

[Event "Rejfiouv memorial 2008"]
[Site "Praha 5,Radlice, Pechlatova 2"]
[Date "2008.06.03"]
[Round "9.2"]
[White "Clery, Nicolas"]
[Black "Docekal, Jan"]
[Result "1/2-1/2"]
[WhiteElo "2379"]
[BlackElo "2236"]
[PlyCount "166"]
[EventDate "2008.04.15"]

1. d4 Nf6 2. c4 e6 3. Nf3 Bb4+ 4. Nbd2 b6 5. g3 Bb7 6. Bg2 O-O 7. O-O Bxd2 8.
Qxd2 d6 9. b3 Nbd7 10. Bb2 Qe7 11. Rac1 Rfd8 12. d5 e5 13. Nh4 g6 14. e4 Nh5
15. f4 Nxf4 16. Nf5 gxf5 17. gxf4 f6 18. Rc3 Kh8 19. Rh3 Rg8 20. fxe5 fxe5 21.
exf5 Nf6 22. Rff3 Rg7 23. Bc1 Rag8 24. Rhg3 Bc8 25. Qh6 Rxg3 26. hxg3 Qf8 27.
Bh3 Qf7 28. Bg5 Ne4 29. Bh4 Qg7 30. Qe3 Nf6 31. Kh2 h5 32. Rf2 Kh7 33. b4 Ng4+
34. Bxg4 Qxg4 35. Qf3 Qxf3 36. Rxf3 Kg7 37. f6+ Kf7 38. Ra3 Rg4 39. c5 a6 40.
b5 a5 41. cxb6 cxb6 42. Rc3 Bf5 43. Rc7+ Kf8 44. Rb7 Be4 45. Rxb6 Bxd5 46. a3
Rd4 47. Kg1 Rd2 48. Rxd6 e4 49. Rd8+ Kf7 50. Rd7+ Kf8 51. Bg5 Rd3 52. Kf2 Rf3+
53. Ke1 Bc4 54. b6 e3 55. Bxe3 Rxe3+ 56. Kd2 Re2+ 57. Kc3 Ba6 58. Ra7 Bc8 59.
Rxa5 Re8 60. Rxh5 Kf7 61. b7 Bg4 62. Rg5 Bf3 63. Rf5 Bxb7 64. g4 Re3+ 65. Kb2
Bc8 66. Rf4 Be6 67. a4 Rg3 68. a5 Rb3+ 69. Kc2 Ra3 70. Kd2 Rxa5 71. Ke3 Ra3+
72. Kf2 Kg6 73. Kg2 Ra7 74. Kg3 Kg5 75. Rf2 Rh7 76. Rf4 Rf7 77. Kf3 Rb7 78. Kg3
Rh7 79. Rf2 Kg6 80. Rh2 Rc7 81. Rf2 Rc1 82. Rf4 Rc3+ 83. Rf3 Rxf3+ $11 1/2-1/2

[Event "Rejfiouv memorial 2008"]
[Site "Praha 5,Radlice, Pechlatova 2"]
[Date "2008.06.03"]
[Round "9.3"]
[White "Haba, Zdenek"]
[Black "Rosko, Lubos"]
[Result "1-0"]
[WhiteElo "2185"]
[BlackElo "2226"]
[PlyCount "112"]
[EventDate "2008.04.15"]

1. d4 Nf6 2. c4 g6 3. Nc3 d5 4. cxd5 Nxd5 5. e4 Nxc3 6. bxc3 Bg7 7. Nf3 c5 8.
Be3 Qa5 9. Qd2 Nc6 10. Rb1 a6 11. Bc4 O-O 12. Bd5 Rd8 13. Rb2 cxd4 14. cxd4
Qxd2+ 15. Rxd2 Na5 16. Bg5 Rd7 17. a3 e6 18. Ba2 b5 19. Ne5 Rc7 20. Bd8 Rc1+
21. Rd1 Rxd1+ 22. Kxd1 Nb7 23. Be7 f6 24. Nc6 Bd7 25. d5 Kf7 26. Bb4 a5 27. Bd2
Nc5 28. dxe6+ Bxe6 29. Bxe6+ Kxe6 30. Nd4+ Ke5 31. Nxb5 Nxe4 32. Re1 Rd8 $11
33. f4+ Kd5 34. Nc7+ Kc6 35. Rxe4 Kxc7 36. Re7+ Rd7 37. Rxd7+ Kxd7 38. Bxa5 f5
39. Kc2 Kc6 40. Bc3 Bf8 41. Bb4 Bh6 42. g3 Bg7 43. Kd3 Kb5 44. Bd6 Bb2 45. h3
h6 46. g4 fxg4 47. hxg4 h5 48. gxh5 gxh5 49. Ke4 Kc6 50. Be7 Kd7 51. Bb4 Ke6
52. a4 h4 53. f5+ Kf6 54. Bd6 Bc3 55. Bc7 Kg5 56. a5 Be1 {
cerny prekrocil cas cerny prekrocil cas} 1-0

[Event "Rejfiouv memorial 2008"]
[Site "Praha 5,Radlice, Pechlatova 2"]
[Date "2008.06.03"]
[Round "9.4"]
[White "Jedlicka, Ales"]
[Black "Kojetsky, Pavel"]
[Result "1-0"]
[WhiteElo "2324"]
[BlackElo "2146"]
[PlyCount "109"]
[EventDate "2008.04.15"]

1. Nf3 Nf6 2. d4 g6 3. c4 Bg7 4. Nc3 O-O 5. e4 d6 6. Be2 e5 7. Be3 Ng4 8. Bg5
f6 9. Bc1 c6 10. h3 Nh6 11. O-O Nf7 12. Be3 Nd7 13. Qc2 f5 14. exf5 gxf5 15.
dxe5 Nfxe5 16. Nxe5 Nxe5 17. f4 Nd7 18. Rad1 Qe7 19. Qd2 Nc5 20. Bf3 Rf6 21.
Rfe1 Re6 22. Bf2 Ne4 23. Bxe4 fxe4 24. f5 Re5 25. Bg3 Bxf5 26. Bxe5 Bxe5 27.
Nxe4 Bxe4 28. Rxe4 Bh2+ 29. Kxh2 Qxe4 30. Qg5+ Kh8 31. Qf6+ Kg8 32. Rxd6 Rf8
33. Qg5+ Kh8 34. Rd7 Qf4+ 35. Qxf4 Rxf4 36. Rxb7 Rxc4 37. Rxa7 Rb4 38. b3 c5
39. g4 c4 40. bxc4 Rxc4 41. Kg3 h5 42. Kh4 hxg4 43. hxg4 Kg8 44. Kh5 Rc5+ 45.
g5 Rc6 46. a4 Rb6 47. a5 Rc6 48. a6 Rb6 49. g6 Rb1 50. Rb7 Rh1+ 51. Kg5 Rg1+
52. Kf6 Rf1+ 53. Ke6 Rg1 54. Rb8+ Kg7 55. a7 1-0

[Event "Rejfiouv memorial 2008"]
[Site "Praha 5,Radlice, Pechlatova 2"]
[Date "2008.06.03"]
[Round "9.5"]
[White "Kubecka, David"]
[Black "Pertlova, Sona"]
[Result "1/2-1/2"]
[WhiteElo "2314"]
[BlackElo "2159"]
[PlyCount "135"]
[EventDate "2008.04.15"]

1. g3 c5 2. Bg2 Nc6 3. e4 e6 4. Nc3 Nge7 5. Nf3 d5 6. d3 g6 7. O-O Bg7 8. Bd2
O-O 9. Qc1 b6 10. Bh6 Bb7 11. h4 d4 12. Ne2 Qc7 13. h5 Rfd8 14. Bxg7 Kxg7 15.
h6+ Kh8 16. Ng5 Ng8 17. e5 Nxh6 18. Qf4 Rd7 19. Qh4 Kg7 20. Nf4 Re7 21. Rae1
Rh8 22. g4 Ng8 23. Be4 Qb8 24. Nxf7 Kxf7 25. Nxg6 hxg6 26. Qxh8 Kf8 27. f4 Rg7
28. f5 gxf5 29. Bxf5 exf5 30. Rxf5+ Rf7 31. Ref1 Nd8 32. Qh4 Bd5 33. g5 Be6 34.
Rxf7+ Nxf7 35. g6 Qxe5 36. gxf7 Bxf7 37. a3 Qg7+ 38. Kf2 Qf6+ 39. Qxf6 Nxf6 40.
Kf3 Ke7 41. Kf4 Be6 42. Rg1 Kd6 43. Rg2 Nd5+ 44. Kg5 b5 45. Re2 a5 46. Rd2 a4
47. Rd1 Ne3 48. Rc1 Nd5 49. Ra1 Bd7 50. Kh4 b4 51. Kg3 Ne3 52. Rc1 Bc6 53. Kf2
Nd5 54. Ke2 bxa3 55. bxa3 Nc3+ 56. Kd2 Nb5 57. Ra1 Kd5 58. Kc1 c4 59. dxc4+
Kxc4 60. Kb2 Nd6 61. Rg1 Kc5 62. Rg3 Nc4+ 63. Kc1 Bd5 64. c3 d3 65. Rxd3 Nxa3
66. Rd4 Nc4 67. Rxc4+ Kxc4 68. Kb2 $11 1/2-1/2

[Event "Rejfiouv memorial 2008"]
[Site "Praha 5,Radlice, Pechlatova 2"]
[Date "2008.06.03"]
[Round "9.6"]
[White "Seleljo, Daniel"]
[Black "Hausner, Ivan"]
[Result "1-0"]
[WhiteElo "2275"]
[BlackElo "2394"]
[PlyCount "73"]
[EventDate "2008.04.15"]

1. d4 Nf6 2. c4 g6 3. Nc3 d5 4. cxd5 Nxd5 5. Bd2 Bg7 6. e4 Nb6 7. Be3 Nc6 8.
Nf3 Bg4 9. d5 Ne5 10. Be2 Bxf3 11. gxf3 O-O 12. Qb3 f5 13. h4 f4 14. Bc5 Nf7
15. h5 g5 16. h6 Be5 17. O-O-O a6 18. Kb1 Nd7 19. Bd4 b6 20. a3 Bxd4 21. Rxd4
Nde5 22. Rdd1 Qd6 23. Na2 Kh8 24. Qc3 Rfc8 25. Nb4 a5 26. Nc6 Qf6 27. Rc1 Kg8
28. a4 Kf8 29. Nd4 Nd8 30. Bb5 Ra7 31. Qb3 Qd6 32. Rcg1 c5 33. Ne6+ Nxe6 34.
dxe6 g4 35. Rh5 c4 36. Qc3 Rc5 37. Rf5+ 1-0

[Event "Rejfiouv memorial 2008"]
[Site "Praha 5,Radlice, Pechlatova 2"]
[Date "2008.06.05"]
[Round "10.1"]
[White "Gregor, Jiri"]
[Black "Hausner, Ivan"]
[Result "0-1"]
[WhiteElo "2271"]
[BlackElo "2394"]
[PlyCount "100"]
[EventDate "2008.04.15"]

1. d4 e6 2. c4 b6 3. a3 f5 4. Nc3 Nf6 5. Nf3 Bb7 6. d5 Be7 7. g3 O-O 8. Bg2 Ne4
9. Nb5 a6 10. Nc3 Nxc3 11. bxc3 Bf6 12. Qb3 a5 13. O-O Na6 14. Be3 Qe7 15. Rfd1
Nc5 16. Bxc5 Qxc5 17. Nd4 e5 18. Nb5 Ba6 19. d6 c6 20. a4 e4 21. Rab1 Rab8 22.
e3 Kh8 23. Na3 Be5 24. Bf1 Bxd6 25. Nc2 Rb7 26. Rd2 Be5 27. Rbd1 Qe7 28. Nd4
Rbb8 29. h4 g6 30. Ne2 Bc8 31. Nf4 Qf6 32. Qa3 Rg8 33. c5 Bxc3 34. Rd6 Qe5 35.
Bc4 Bb4 36. Qa2 Rf8 37. Rxg6 Bxc5 38. Qe2 d5 39. Qh5 Bd7 40. Rxc6 Be8 41. Qh6
Qg7 42. Qxg7+ Kxg7 43. Rc7+ Rf7 44. Bxd5 Rxc7 45. Ne6+ Kf6 46. Nxc7 Bxa4 47.
Ra1 Bc2 48. Na6 Rd8 49. Bc6 Rd1+ 50. Rxd1 Bxd1 0-1

[Event "Rejfiouv memorial 2008"]
[Site "Praha 5,Radlice, Pechlatova 2"]
[Date "2008.06.05"]
[Round "10.2"]
[White "Pertlova, Sona"]
[Black "Seleljo, Daniel"]
[Result "1/2-1/2"]
[WhiteElo "2159"]
[BlackElo "2275"]
[PlyCount "49"]
[EventDate "2008.04.15"]

1. d4 d6 2. c4 e5 3. Nf3 e4 4. Ng5 f5 5. h4 Nf6 6. Nc3 c6 7. d5 Na6 8. e3 h6 9.
Nh3 g5 10. Be2 Bg7 11. Bh5+ $11 Kf8 12. Bg6 cxd5 13. cxd5 Qe7 14. O-O Qe5 15.
Qd4 Ng4 16. Qxe5 Nxe5 17. Bh5 g4 18. Nf4 Bf6 19. Nb5 Ke7 20. Bd2 Bd7 21. a4 Nc5
22. Bc3 Bxb5 23. axb5 Ncd3 24. Bxe5 Nxe5 25. Bg6 $11 1/2-1/2

[Event "Rejfiouv memorial 2008"]
[Site "Praha 5,Radlice, Pechlatova 2"]
[Date "2008.06.05"]
[Round "10.3"]
[White "Kojetsky, Pavel"]
[Black "Kubecka, David"]
[Result "1-0"]
[WhiteElo "2146"]
[BlackElo "2314"]
[PlyCount "73"]
[EventDate "2008.04.15"]

1. e4 d6 2. d4 g6 3. Nf3 Bg7 4. Bc4 a6 5. O-O e6 6. Bg5 Ne7 7. Qd2 b5 8. Bb3
O-O 9. a4 Bb7 10. Re1 bxa4 11. Rxa4 Nd7 12. Nc3 c5 13. dxc5 Nxc5 14. Rb4 a5 15.
Rc4 Rc8 16. Nb5 Ba6 17. Nxd6 Bxc4 18. Nxc8 Qxc8 19. Bxc4 Qc7 20. Bf4 e5 21. Bh6
Kh8 22. Bxg7+ Kxg7 23. Bd5 f6 24. Ra1 Rd8 25. Qxa5 Qxa5 26. Rxa5 Nxe4 27. c4
Nxd5 28. Rxd5 Rb8 29. Rb5 Rxb5 $11 30. cxb5 Kf7 31. Nd2 Nd6 32. b6 Ke6 33. Ne4
Kd5 34. Nxf6+ Kc6 35. Nxh7 Kxb6 36. Nf8 g5 37. Nd7+ 1-0

[Event "Rejfiouv memorial 2008"]
[Site "Praha 5,Radlice, Pechlatova 2"]
[Date "2008.06.05"]
[Round "10.4"]
[White "Rosko, Lubos"]
[Black "Jedlicka, Ales"]
[Result "0-1"]
[WhiteElo "2226"]
[BlackElo "2324"]
[PlyCount "82"]
[EventDate "2008.04.15"]

1. d4 Nf6 2. Bg5 d5 3. Bxf6 exf6 4. e3 Bd6 5. Bd3 O-O 6. Nd2 Be6 7. Qf3 Qd7 8.
Ne2 Nc6 9. c3 Ne7 10. h3 Ng6 11. Qh5 Rfe8 12. f4 f5 13. g4 Ne7 14. Ng3 g6 15.
Qg5 f6 16. Qxf6 fxg4 17. hxg4 Bxg4 18. Kf2 Rf8 19. Qg5 Rf7 20. Rh4 Bf5 21. Nxf5
Nxf5 22. Bxf5 Rxf5 23. Qg2 $11 Re8 24. Rah1 Re7 25. b3 Qe6 26. Nf1 c5 27. Qh3
h5 28. Qg2 cxd4 29. cxd4 Kf7 30. Qf3 Rc7 31. Qd1 Be7 32. R4h2 h4 33. Nd2 Rc3
34. Re1 g5 35. Qh5+ Qg6 36. Qxg6+ Kxg6 37. Rg2 $11 Kh5 38. Nf3 h3 39. Rxg5+
Bxg5 40. Nxg5 h2 41. Kg3 Rxe3+ 0-1

[Event "Rejfiouv memorial 2008"]
[Site "Praha 5,Radlice, Pechlatova 2"]
[Date "2008.06.05"]
[Round "10.5"]
[White "Docekal, Jan"]
[Black "Haba, Zdenek"]
[Result "1-0"]
[WhiteElo "2236"]
[BlackElo "2185"]
[PlyCount "79"]
[EventDate "2008.04.15"]

1. e4 g6 2. Nc3 Bg7 3. Bc4 c5 4. Nge2 Nc6 5. a4 e6 6. O-O Nge7 7. d4 Nxd4 8.
Nxd4 cxd4 9. Nb5 Qb6 10. a5 Qc6 11. Qd3 a6 12. Nxd4 Qc7 13. Be3 O-O 14. c3 d5
15. exd5 Nxd5 16. Bxd5 exd5 17. Qd2 Re8 18. Ne2 Be6 19. Rfd1 Qc4 20. Nf4 Rad8
21. Bd4 Bh6 22. Re1 Bf5 23. Rxe8+ Rxe8 24. Re1 Re4 25. f3 Bxf4 26. Rxe4 Bxh2+
27. Kxh2 dxe4 28. Qf4 exf3 29. Qe5 f6 30. Qxf6 Qc7+ 31. Be5 Qd7 32. Bd6 Qe8 33.
gxf3 h5 34. Be5 Qd7 35. Kg3 Bc2 36. c4 Bd3 37. Bd6 Qf7 38. Qd8+ Kh7 39. Be5 g5
40. Qxd3+ 1-0

[Event "Rejfiouv memorial 2008"]
[Site "Praha 5,Radlice, Pechlatova 2"]
[Date "2008.06.05"]
[Round "10.6"]
[White "Smid, Miroslav"]
[Black "Clery, Nicolas"]
[Result "1/2-1/2"]
[WhiteElo "2230"]
[BlackElo "2379"]
[PlyCount "86"]
[EventDate "2008.04.15"]

1. d4 d5 2. c4 Nc6 3. Nc3 dxc4 4. d5 Ne5 5. f4 Ng4 6. h3 N4f6 7. e4 e6 8. dxe6
Qxd1+ 9. Kxd1 Bxe6 10. f5 Bd7 11. Bxc4 Bc6 12. Nf3 Bb4 13. Ne5 Bxc3 14. Bxf7+
Kf8 15. bxc3 Rd8+ 16. Ke1 Bxe4 17. Be6 g6 18. Nf7 Re8 19. Ba3+ Kg7 20. Kf2 Bxf5
21. Bc4 Ne4+ 22. Kg1 Nd2 23. Bd5 Nf6 24. Nxh8 Nxd5 25. Rd1 Re2 26. Bc1 Ne3 27.
Rxd2 Re1+ 28. Kh2 Nf1+ 29. Rxf1 Rxf1 30. Bb2 Kxh8 31. g4 Be6 32. Kg2 Bc4 33.
Rd4 Rb1 34. Ba3 Ra1 35. Rxc4 Rxa2+ 36. Kg3 Rxa3 37. Rxc7 g5 38. Kf3 b6 39. Ke4
Ra5 40. Kd4 Kg8 41. Ke4 h6 42. Kd4 Kh8 43. Ke4 Kg8 $11 1/2-1/2

[Event "Rejfiouv memorial 2008"]
[Site "Praha 5,Radlice, Pechlatova 2"]
[Date "2008.06.10"]
[Round "11.1"]
[White "Clery, Nicolas"]
[Black "Gregor, Jiri"]
[Result "1/2-1/2"]
[WhiteElo "2379"]
[BlackElo "2271"]
[PlyCount "60"]
[EventDate "2008.04.15"]

1. Nf3 d5 2. c4 c6 3. e3 Nf6 4. Nc3 a6 5. Qc2 Bg4 6. Ne5 Bh5 7. cxd5 cxd5 8.
Qa4+ Nbd7 9. Nxd7 Nxd7 10. Nxd5 e6 11. Nf4 Bg6 12. Nxg6 hxg6 13. a3 Bd6 14. Be2
b5 15. Qd1 Qf6 16. d4 e5 17. h3 O-O 18. O-O Rfd8 19. Bd2 exd4 20. exd4 Qxd4 21.
Ba5 Qe5 22. f4 Bc5+ 23. Kh1 Qxb2 24. Bxd8 Rxd8 25. Bg4 f5 26. Qd5+ Kf8 27. Bf3
Be7 28. Rfd1 Nc5 29. Qc6 Nd3 30. Qxg6 Nf2+ $11 1/2-1/2

[Event "Rejfiouv memorial 2008"]
[Site "Praha 5,Radlice, Pechlatova 2"]
[Date "2008.06.10"]
[Round "11.2"]
[White "Haba, Zdenek"]
[Black "Smid, Miroslav"]
[Result "1-0"]
[WhiteElo "2185"]
[BlackElo "2230"]
[PlyCount "55"]
[EventDate "2008.04.15"]

1. d4 d5 2. c4 Bf5 3. Nc3 e6 4. Nf3 c6 5. Qb3 Qc8 6. Bf4 Nf6 7. h3 Nbd7 8. cxd5
Nxd5 9. Bh2 Nxc3 10. bxc3 Be7 11. e3 O-O 12. Be2 c5 13. O-O Nf6 14. Rac1 Ne4
15. Rfd1 Bd6 16. Bxd6 Nxd6 17. Ne5 Rd8 18. f3 Qc7 19. g4 Bg6 20. h4 b5 21. h5
c4 22. Qb2 f6 23. hxg6 fxe5 24. dxe5 Ne8 25. Qxb5 Rxd1+ 26. Rxd1 Rb8 27. Qd7
Qxe5 28. Qf7+ 1-0

[Event "Rejfiouv memorial 2008"]
[Site "Praha 5,Radlice, Pechlatova 2"]
[Date "2008.06.10"]
[Round "11.3"]
[White "Jedlicka, Ales"]
[Black "Docekal, Jan"]
[Result "0-1"]
[WhiteElo "2324"]
[BlackElo "2236"]
[PlyCount "88"]
[EventDate "2008.04.15"]

1. d4 Nf6 2. c4 b6 3. Nc3 Bb7 4. Bg5 e6 5. Nf3 Bb4 6. Qb3 Qe7 7. Nd2 Nc6 8. e3
Bxc3 9. Qxc3 e5 10. d5 Nb8 11. Qc2 d6 12. Be2 Nbd7 13. Ne4 h6 14. Bh4 g5 15.
Nxf6+ Qxf6 16. Bg3 a5 17. h4 Nc5 18. O-O-O O-O-O 19. Bg4+ Kb8 20. hxg5 hxg5 21.
e4 Rxh1 22. Rxh1 Rh8 23. Rd1 Bc8 24. Bxc8 Kxc8 25. b3 g4 26. Qe2 Qg6 27. Re1 f5
28. exf5 Qxf5 29. Rd1 Rf8 30. Kb2 Ne4 31. Rc1 Nxf2 32. Ka3 Ne4 33. Be1 Qf4 34.
Rc2 Rh8 35. Bd2 Nxd2 36. Rxd2 Rh1 37. Rc2 Kb7 38. c5 Qb4+ 39. Kb2 Qd4+ 40. Ka3
dxc5 41. Rd2 Qb4+ 42. Kb2 c4 43. Rc2 cxb3 44. Rc4 bxa2+ 0-1

[Event "Rejfiouv memorial 2008"]
[Site "Praha 5,Radlice, Pechlatova 2"]
[Date "2008.06.10"]
[Round "11.4"]
[White "Kubecka, David"]
[Black "Rosko, Lubos"]
[Result "1/2-1/2"]
[WhiteElo "2314"]
[BlackElo "2226"]
[PlyCount "32"]
[EventDate "2008.04.15"]

1. e4 c5 2. Nf3 d6 3. d4 cxd4 4. Nxd4 Nf6 5. Nc3 a6 6. h3 e6 7. g4 Nc6 8. g5
Nd7 9. Be3 Be7 10. h4 O-O 11. Be2 Qc7 12. f4 b5 13. g6 Nxd4 14. gxh7+ Kh8 15.
Bxd4 b4 16. Bd3 Ne5 $11 1/2-1/2

[Event "Rejfiouv memorial 2008"]
[Site "Praha 5,Radlice, Pechlatova 2"]
[Date "2008.06.10"]
[Round "11.5"]
[White "Seleljo, Daniel"]
[Black "Kojetsky, Pavel"]
[Result "1-0"]
[WhiteElo "2275"]
[BlackElo "2146"]
[PlyCount "88"]
[EventDate "2008.04.15"]

1. d4 d5 2. c4 e6 3. Nc3 Nf6 4. Nf3 Be7 5. Bg5 O-O 6. e3 c6 7. Qc2 Nbd7 8. a3
Re8 9. Rd1 Nb6 10. c5 Nbd7 11. Bd3 Nf8 12. O-O N6d7 13. Bxe7 Qxe7 14. e4 Ng6
15. Rfe1 Qd8 16. b4 Nf4 17. Bf1 Nf8 18. g3 N4g6 19. e5 Bd7 20. h4 f5 21. Bd3
Nh8 22. Kg2 Nf7 23. Rh1 Qe7 24. Rb1 Rec8 25. Qd2 Be8 26. Ng5 Nh6 27. Nh3 Nf7
28. Ne2 b5 29. a4 bxa4 30. Ra1 Rc7 31. Rxa4 Rb8 32. Rha1 Ng6 33. Ng5 Nxg5 34.
hxg5 Nh8 35. Rh1 Nf7 36. f4 g6 37. g4 Nd8 38. Nc3 Rcb7 39. Nd1 Qc7 40. Ba6 Rb5
41. Bxb5 cxb5 42. Ra6 fxg4 43. Qe3 h5 44. gxh6 Nc6 1-0

[Event "Rejfiouv memorial 2008"]
[Site "Praha 5,Radlice, Pechlatova 2"]
[Date "2008.06.10"]
[Round "11.6"]
[White "Hausner, Ivan"]
[Black "Pertlova, Sona"]
[Result "0-1"]
[WhiteElo "2394"]
[BlackElo "2159"]
[PlyCount "85"]
[EventDate "2008.04.15"]

1. f4 c5 2. Nf3 Nf6 3. e3 g6 4. Be2 Bg7 5. O-O O-O 6. d3 d5 7. c3 Nc6 8. Ne5
Qc7 9. Nxc6 bxc6 10. Nd2 e5 11. fxe5 Qxe5 12. e4 Qe7 13. Bf3 Ba6 14. Re1 Rfe8
15. c4 Rad8 16. Qa4 Bc8 17. Qxc6 Bb7 18. Qa4 Qc7 19. Qc2 h5 20. Nf1 dxe4 21.
dxe4 Rd4 22. Be3 Bxe4 23. Qa4 Rdd8 24. Bg5 Bxf3 25. Rxe8+ Rxe8 26. gxf3 Qe5 27.
Bxf6 Bxf6 28. Rd1 Qe2 29. Qb3 Bd4+ 30. Kh1 Qf2 31. Ng3 h4 32. Ne4 Qe2 33. Qd3
Qxb2 34. Rd2 Qa1+ 35. Kg2 Rb8 36. Kh3 Rb2 37. Rxb2 Qxb2 38. Qd2 Qb4 39. Qe2 Qb8
40. Kxh4 Kg7 41. Kh3 Be5 42. Qd2 Qc8+ 43. Kg2 0-1